| 000 | 00589nam a22001937a 4500 | ||
|---|---|---|---|
| 003 | OSt | ||
| 005 | 20160718144800.0 | ||
| 008 | 160718b xxu||||| |||| 00| 0 eng d | ||
| 020 | _a0306448564 | ||
| 040 | _cDNLM. | ||
| 082 | _aWC500V816a 1997. | ||
| 100 |
_aEdited by Evans,S.Alfred;Kaslow,A.Richard; _910261 |
||
| 245 |
_aViral Infections of Humans. _bEpidemiology and Control. |
||
| 260 |
_aLondon. _aNew York. _bPlenum medical Book Company. _c1997. |
||
| 300 |
_axxxviii,529p; _bcol,ill; _c27cm. |
||
| 504 | _aincludes references, | ||
| 650 |
_aEpidemiology. _91064 |
||
| 942 |
_2z _cO_SHELF |
||
| 999 |
_c4769 _d4769 |
||